| 000 | 01625nam a2200313Ia 4500 | ||
|---|---|---|---|
| 003 | OSt | ||
| 005 | 20201005153846.0 | ||
| 008 | 191128s2016 ck ao gr 000 0 spa d | ||
| 020 | _a9789585951327 | ||
| 040 |
_aCO-JMCR _cCO-JMCR |
||
| 041 | 1 |
_aspa _heng |
|
| 082 | 0 | 4 |
_a634.04 / _bC317c _223 |
| 100 | 1 |
_aCarrillo Bautista, Marcela Piedad, _eautora _97069 |
|
| 245 | 0 |
_aColombia : _bfrutas de la Amazonia : Colombia Amazonian fruits / _cMarcela Piedad Carrillo Bautista, Juliana Erika Cristina Cardona Jaramillo, Jaime Alberto Barrera García |
|
| 250 | _aPrimera edición | ||
| 260 |
_aBogotá : _bInstituto Amazónico de Investigaciones Científicas Sinchi : Ministerios de Ambiente y Desarrollo Sostenible, _c2016. |
||
| 300 |
_a67 páginas : _bfotografías ; _c20 cm. |
||
| 504 | _aIncluye bibliografía. | ||
| 520 | 0 | _aFrutas de la amazonia es un esfuerzo del Instituto Amazónico de Investigaciones Científicas SINCHI para promover la producción regional e incorporar a la cadena productiva los frutales amazónicos. Recopila información básica sobre usos. | |
| 546 | _aTexto en Español e Inglés. | ||
| 650 | 2 | 4 |
_aFrutas -- Amazonas _z(Región, Colombia) _911252 |
| 650 | 2 | 4 |
_aFrutas tropicales _zAmazonas (Región, Colombia) _911253 |
| 650 | 2 | 4 |
_aFruticultura _zAmazonas (Región, Colombia) _911254 |
| 650 | 2 | 4 |
_aFrutas _xAspectos nutricionales _zAmazonas (Región, Colombia) _911255 |
| 700 | 1 |
_aCardona Jaramillo, Juliana Erika Cristina, _eautor _97074 |
|
| 700 | 1 |
_aBarrera García, Jaime Alberto, _eautor _911256 |
|
| 700 | 1 |
_aHernández Gómez, María Soledad, _eautor _911257 |
|
| 942 |
_2ddc _cBK |
||
| 999 |
_c3896 _d3896 |
||